000
00341nam a22001457a 4500
008
210312b ||||| |||| 00| 0 eng d
020
_a
0916730131
041
_a
eng
080
_a
610.73
082
_a
610.73
100
_a
2
101
_a
INF
245
_a
Nursing Critically ill Patients Confidently
_c
NursingSkillbook
942
_2
udc
_c
BK
999
_c
56565
_d
56565